书目信息 |
| 题名: |
工业纯水制备技术、设备及应用
|
|
| 作者: | 王志 , 朱宏吉 , 康勇 编 | |
| 分册: | ||
| 出版信息: | 北京 化学工业出版社 2007.02 |
|
| 页数: | 258页 | |
| 开本: | 24cm | |
| 丛书名: | ||
| 单 册: | ||
| 中图分类: | TQ085 | |
| 科图分类: | ||
| 主题词: | 工业用水 : 高纯水--gong ye yong shui:gao chun shui--研究 | |
| 电子资源: | ||
| ISBN: | 978-7-5025-9718-4 | |
| 000 | 00909nam0 2200253 450 | |
| 001 | 012007565117 | |
| 005 | 20070927101732.90 | |
| 010 | @a978-7-5025-9718-4@dCNY35.00 | |
| 100 | @a20070711d2007 km y0chiy0120 ea | |
| 101 | 0 | @achi |
| 102 | @aCN@b110000 | |
| 105 | @aak a 000yy | |
| 200 | 1 | @a工业纯水制备技术、设备及应用@Agong ye chun shui zhi bei ji shu、she bei ji ying yong@f康勇, 王志, 朱宏吉编@Fkang yong,wang zhi,zhu hong ji bian |
| 210 | @a北京@c化学工业出版社@d2007.02 | |
| 215 | @a258页@c图@d24cm | |
| 320 | @a有书目。 | |
| 330 | @a本书介绍了工业纯水的等级及应用范围、工业纯水水源选择、水质分析、制备工艺流程及特点、预处理技术、以及应用等。 | |
| 606 | 0 | @a工业用水 : 高纯水@Agong ye yong shui:gao chun shui@x研究 |
| 690 | @aTQ085@v4 | |
| 701 | 0 | @a王志@Awang zhi@4编 |
| 701 | 0 | @a朱宏吉@Azhu hong ji@4编 |
| 701 | 0 | @a康勇@Akang yong@4编 |
| 801 | 0 | @aCN@c20070927 |
| 905 | @dTQ085@eK292 | |
| 工业纯水制备技术、设备及应用/康勇, 王志, 朱宏吉编.-北京:化学工业出版社,2007.02 |
| 258页:图;24cm |
| ISBN 978-7-5025-9718-4:CNY35.00 |
| 本书介绍了工业纯水的等级及应用范围、工业纯水水源选择、水质分析、制备工艺流程及特点、预处理技术、以及应用等。 |
| ● |
| 相关链接 |
|
|
|
正题名:工业纯水制备技术、设备及应用
索取号:TQ085/K292
 
预约/预借
| 序号 | 登录号 | 条形码 | 馆藏地/架位号 | 状态 | 备注 |
| 1 | 244942 | 202449421 | 自科库501/501自科库 139排2列3层/ [索取号:TQ085/K292] | 在馆 | |
| 2 | 244943 | 202449430 | 自科库501/501自科库 139排2列3层/ [索取号:TQ085/K292] | 在馆 |